000 00721nam a22002177a 4500
003 UA-OsUOA
001 48020
007 ta
008 20070827b un ||||| |||| 00| 0 ukr d
090 _a821.161.1
_bЛ64
942 _cBK
040 _aUA-OsUOA
_brus
_cUA-OsUOA
_dUA-OsUOA
245 _aЛитература в изменяющемся мире
_bАктуальные проблемы современной идейно-эстетической борьбы
300 _a464 с.
955 _a2
041 _arus
080 _a821.161.1
260 _aМ.
_bХудожественая литература
_c1975
650 7 _a82 Література. Літературознавство
_2UDC
999 _c334128
_d334128